サーモンラン ステージ - Statistics

General Stats
  • This quiz has been taken 76 times
  • The average score is 7 of 18
Answer Stats
Answer % Correct
シェケナダム
75%
シェケナダム
75%
アラマキ砦
63%
スメーシーワールド
57%
難破船ドン・ブラコ
46%
難破船ドン・ブラコ
46%
朽ちた箱舟 ポラリス
43%
トキシラズいぶし工房
38%
どんぴこ闘技場
38%
海女美術大学
38%
マテガイ放水路
38%
トキシラズいぶし工房
38%
ムニ・エール海洋発電所
32%
すじこジャンクション跡
27%
タラポートショッピングパーク
27%
ゴンズイ地区
25%
ナンプラー遺跡
23%
海上集落シャケト場
21%
No matching quizzes found
Score Distribution
Percent of People with Each Score
Percentile by Number Answered
Your Score History
You have not taken this quiz